Politik für lesben und schwule in Nordrhein-Westfalen : programm für gleichstellung und akzeptanz : bericht der Landesregierung.

שמור ב:
מידע ביבליוגרפי
פורמט: ספר
שפה:גרמנית
יצא לאור: Düsseldorf : Ministerium für Frauen, Jugend, Familie und Gesundheit des Landes Nordrhein-Westfalen, 2000
תגים: הוספת תג
אין תגיות, היה/י הראשונ/ה לתייג את הרשומה!

MARC

LEADER 00000nam a22000007i 4500
001 IT\ICCU\UBO\3587758
003 ItRI
005 20260115232225.0
008 090304s2000 gw |||||| ||||| |||||c
040 |b ita  |c importazione bologna sebina 
041 7 |a ger  |2 ISO-639-2 
245 0 0 |a Politik für lesben und schwule in Nordrhein-Westfalen :  |b programm für gleichstellung und akzeptanz : bericht der Landesregierung. 
260 |a Düsseldorf :  |b Ministerium für Frauen, Jugend, Familie und Gesundheit des Landes Nordrhein-Westfalen,  |c 2000 
300 |a 42 p. ;  |c 23 cm. 
942 |2 ddc  |c BK  |n 0 
952 |0 0  |1 0  |4 0  |6 DOC_306_766000000000000_POL  |7 0  |9 22328  |a BO  |b BO  |d 2026-01-15  |i 12450  |l 0  |o DOC 306.766 POL  |p BO12450  |r 2026-01-15 23:22:25  |w 2026-01-15  |x [Sebina 7] [1 v.]  |y BK  |z 1 v. 
999 |c 19068  |d 19068